01115nam a2200289 i 450000100060000000300090000600500170001500700030003200800410003502000180007604000220009408000100011608000080012610000410013424501940017526000570036930000220042649000450044865000290049365000230052270000320054570000310057783000500060885200300065899900170068895201200070512982ES-MaACL20250920063028.0t|960708s1995 sp ||||0| spa j a84-7914-211-1 aM-BN bspa cM-BN a111.6 a1281 aBlondel, Maurice, d1861-194992954813aLa acción (1893) b: ensayo de una crítica de la vida y de una ciencia de la práctica / cMaureice Blondel ; introducción, versión y notas de Juan Maria Isasi y César Izquierdo. aMadrid : bBiblioteca de Autores Cristianos, c1995. a546 p. ; c20 cm.1 aBiblioteca de autores cristianos ; v55714aActo (Filosofía)99591 7aVida2embne9177931 aIsasi, Juan María.9655401 aIzquierdo, César.96570100aBiblioteca de autores cristianosv5579178679 aES-MaACLjJ-544 bR.46092 c12982d12982 00104070aATENEOMbATENEOMcDEPO2d2008-01-17eSCl0oJ-544p1013221r2023-02-23 00:00:00w2023-02-23yMONOGRAFIA